Members of the Unrepresented Nations by Flag - Statistics

General Stats
  • This quiz has been taken 89 times
  • The average score is 15 of 37
Answer Stats
Picture Answer % Correct
Abkhazians (in Georgia de jure)
94%
Kurds (in Turkey, Syria, Iraq, Iran)
85%
Catalonians (in Catalonia, Spain)
81%
Guam (US territory)
81%
Tibetans (in Tibet/Xizang, China)
79%
Bretons (in Brittany, France)
70%
Somalilanders (in Somalia de jure)
68%
Washington, D.C. (in USA)
64%
Uyghurs of East Turkestan (in Xinjiang, China)
62%
Crimean Tatars (in Crimea, Ukraine de jure)
60%
Assyrians (in Syria and Iraq)
55%
Acehnese people (in Aceh, Indonesia)
51%
Ambazonians (in western Cameroon)
51%
Afrikaners (in South Africa)
49%
Biafra (mostly Igbos in Nigeria)
45%
South Mongolians (in Inner Mongolia, China)
45%
Barotseland (in Zambia and neighboring countries)
40%
Baloch people (in Balochistan, Pakistan)
38%
Kabyle people (in Kabylia, Algeria)
36%
Ahwazi Arabs (in Khuzestan, Iran)
34%
Southern Azerbaijanis (in northern Iran)
34%
Sindhis (in Sindh, Pakistan)
28%
Hmong people (in China, Vietnam, Laos)
26%
Ambonese/South Moluccans (in Maluku, Indonesia)
23%
Naga people (in Nagaland, India and Naga SAZ, Myanmar)
23%
Oromo people (in Oromia Region, Ethiopia)
23%
Balawaristan (multiple languages) (in Gilgit-Baltistan, Pakistan)
19%
Khmer Krom (in southern Vietnam)
19%
Western Togolanders (in eastern Ghana)
19%
Chittagong Hill Tracts tribes (in Bangladesh)
17%
Ogoni people (in Nigeria)
17%
Basters (Afrikaner mixed-race in town of Rehoboth, Namibia)
13%
Ogaden Somalis (in Somali Region, Ethiopia)
13%
Savoyards (Franco-Provencal speakers in Savoy on French-Swiss-Italian border)
13%
Lezgins (in Dagestan, Russia)
4%
Madheshi people (Indians in southern Nepal)
4%
Tausūg/Suluk people (in Sulu, Philippines)
4%
No matching quizzes found
Score Distribution
Percent of People with Each Score
Percentile by Number Answered
Your Score History
You have not taken this quiz